书目信息 |
| 题名: |
共产党情报局
|
|
| 作者: | 孙耀文 著 | |
| 分册: | ||
| 出版信息: | 北京 社会科学文献出版社 2000 |
|
| 页数: | 441页 | |
| 开本: | 20cm | |
| 丛书名: | 纪实史学丛书 | |
| 单 册: | ||
| 中图分类: | D17 | |
| 科图分类: | ||
| 主题词: | 国际共产主义运动 | |
| 电子资源: | ||
| ISBN: | 7-80149-409-1 | |
| 000 | 00738nam0 2200253 450 | |
| 001 | 0541698265 | |
| 005 | 20051101113755.96 | |
| 010 | @a7-80149-409-1@dCNY25.00 | |
| 092 | @aCN | |
| 100 | @a20051101d2000 km y0chiy0120 ea | |
| 101 | 0 | @achi |
| 102 | @aCN@b110000 | |
| 102 | @aCN@b110000 | |
| 200 | 1 | @a共产党情报局@Agong chan dang qing bao ju@e一个特殊的情报机构@f孙耀文著@Fsun yao wen zhu |
| 210 | @a北京@c社会科学文献出版社@d2000 | |
| 215 | 1 | @a441页@d20cm |
| 225 | @a纪实史学丛书 | |
| 410 | 0 | @12001 @a纪实史学丛书 |
| 517 | 1 | @a一个特殊的情报机构@Ayi ge te shu de qing bao ji gou |
| 606 | 0 | @a国际共产主义运动 |
| 690 | @aD17@v4 | |
| 701 | 0 | @a孙耀文@Asun yao wen@4著 |
| 801 | 0 | @aCN@bPFT@c20051101 |
| 905 | @a10447@dD17@e16 | |
| 共产党情报局:一个特殊的情报机构/孙耀文著.-北京:社会科学文献出版社,2000 |
| 441页;20cm.-(纪实史学丛书) |
| ISBN 7-80149-409-1:CNY25.00 |
| ● |
| 相关链接 |
|
|
|
|
正题名:共产党情报局
索取号:D17/16
 
预约/预借
| 序号 | 登录号 | 条形码 | 馆藏地/架位号 | 状态 | 备注 |
| 1 | 0337604 | 203376042 | 第一样本阅览室/ [索取号:D17/16] | 在馆 | |
| 2 | 0337605 | 203376051 | 第一借阅区/ [索取号:D17/16] | 在馆 | |
| 3 | 0337606 | 203376060 | 第一借阅区/ [索取号:D17/16] | 在馆 |